Score 0/20 Timer 04:00
0 Plays Today
Actor Missing Word % Correct
Philip Seymour HoffmanMission
95%
John GoodmanBrother
90.4%
John GoodmanMonsters
90.1%
John GoodmanUgly
87.1%
Jeff BridgesGoats
86.2%
Philip Seymour HoffmanWar
83.4%
Philip Seymour HoffmanPolly
82.1%
Jeff BridgesGrit
78.5%
John GoodmanAlmighty
78.5%
Julianne MooreKids
75.5%
Actor Missing Word % Correct
Julianne MooreStupid
75.1%
John GoodmanLoud
71.6%
Jeff BridgesBaker
68.9%
Jeff BridgesLegacy
57.7%
Philip Seymour HoffmanBoogie
55.8%
Julianne MooreChildren
55.3%
Jeff BridgesCrazy
40.7%
Julianne MooreHeaven
20.9%
Philip Seymour HoffmanSynecdoche
12.2%
Julianne MooreAffair
11.6%

Today's Daily Dose

You're not logged in!

Compare scores with friends on all Sporcle quizzes.
OR
Log In

Sporcle TV

Today on Sporcle TV


Watch our educational content, quiz creation guides, and fun videos on Sporcle TV.

Show Comments

Extras

Top Quizzes Today


Score Distribution

Your Account Isn't Verified!

In order to create a playlist on Sporcle, you need to verify the email address you used during registration. Go to your Sporcle Settings to finish the process.

Report this User

Report this user for behavior that violates our Community Guidelines.

Details: